000 00899cab a2200289 4500
001 WB3332-40
008 090401t1997 xxu||||| |||| 00| 0 eng d
035 _a(Sirsi) u80281
041 _aeng
245 _aHigh water level risk
260 _c1997
350 _a0
490 _aFinancial Times
_v14 August 1997, 18(10)
520 _aA rise in groundwater levels in central London could lead to billions of pounds worth of damage to communication systems and property over the next decade. The British Property Federation are concerned.
650 _aASSOCIATION OF BRITISH INSURERS
650 _aBPF
650 _aCENTRAL LONDON
650 _aPROPERTY-COMMERCIAL PROPERTY
650 _aCOMMUNICATIONS SYSTEMS
650 _aDAMAGE
650 _aFUTURE
650 _aGROUNDWATER LEVELS
650 _aLONDON UNDERGROUND
690 _aWATER
942 _n0
948 _c14/08/1997
999 _c50546
_d50546